| 000 | 01178cam a22002771a 4500 | ||
|---|---|---|---|
| 001 | 32392 | ||
| 003 | BD-RjUL | ||
| 005 | 20211209051828.0 | ||
| 008 | 140426s1962 enkfh b 001 0 eng | ||
| 035 | _a(BD-RjUL)32481 | ||
| 035 | _a(OCoLC)255810 | ||
| 040 |
_aDLC _cOGK _dOCoLC _dPPiU _dDLC _dBD-RjUL _beng |
||
| 041 | 1 |
_aebg _hara |
|
| 082 |
_a297.4 _bIBI 1962 |
||
| 100 | 2 |
_aIbn Qudāmah, Muwaffaq al-Dīn ʻAbd Allāh ibn Aḥmad, _d1147-1223. _998537 |
|
| 245 | 1 | 0 |
_aIBN Qudama"s Censure of speculative theology / _can edition and translation of Ibn Qudāma's Taḥrīm an-nazar fī kutub ahl al-kalām, with introd. and notes; a contribution to the study of Islamic religious history ; by George Makdisi. |
| 260 |
_aLondon : _bPrinted for the trustees of the "E.J.W. Gibb memorial" and published by Luzac, _c1962. |
||
| 300 |
_axxvi, 55, 74 p., [3] leaves of plates : _bill. ; _c25 cm. |
||
| 504 | _aIncludes Bibliography: p. 50-51 and index. | ||
| 650 | 0 |
_aIslam _xDoctrines _xHistory. _998539 |
|
| 700 | 1 |
_aMakdisi, George. _998541 |
|
| 942 |
_2ddc _cBK |
||
| 999 |
_c32392 _d32392 |
||